Public Accounts Committee on the Government of Kenya Accounts for the Year 1981/82 and 1982/83 (Record no. 1005)

MARC details
000 -LEADER
fixed length control field 00366nam a22001217a 4500
008 - FIXED-LENGTH DATA ELEMENTS--GENERAL INFORMATION
fixed length control field 230612b xxu||||| |||| 00| 0 eng d
082 ## - DEWEY DECIMAL CLASSIFICATION NUMBER
Classification number 354.6200
Item number GOK
100 ## - MAIN ENTRY--PERSONAL NAME
Titles and words associated with a name Government of Kenya
245 ## - TITLE STATEMENT
Title Public Accounts Committee on the Government of Kenya Accounts for the Year 1981/82 and 1982/83
260 ## - PUBLICATION, DISTRIBUTION, ETC. (IMPRINT)
Place of publication, distribution, etc. Kenya
Name of publisher, distributor, etc. GOK
Date of publication, distribution, etc. 1981-1983
300 ## - PHYSICAL DESCRIPTION
Extent 195p
942 ## - ADDED ENTRY ELEMENTS (KOHA)
Source of classification or shelving scheme Dewey Decimal Classification
Koha item type Books
Holdings
Withdrawn status Lost status Source of classification or shelving scheme Damaged status Not for loan Home library Current library Date acquired Total Checkouts Full call number Barcode Date last seen Price effective from Koha item type
    Dewey Decimal Classification     Bunge Tower Library Bunge Tower Library 06/12/2023   354.6200 GOK 10014892 06/12/2023 06/12/2023 Books
    Dewey Decimal Classification     Bunge Tower Library Bunge Tower Library 06/12/2023   354.6200 GOK 10014891 06/12/2023 06/12/2023 Books
LIBRARY OPENING HOURS

When the Parliament is sitting: 8.00a.m - 7.00p.m or until the house adjourns
Mondays and Fridays and when the House is on Recess:  8.00a.m - 5.00p.m
Closed on Weekends and Public Holidays

Online Public Access Catalog (OPAC)
Website: http://www.parliament.go.ke
Bunge Library: https://libraryir.parliament.go.ke
Contact: library@parliament.go.ke | Tel no: (254-2)2221291 or 2848000 Ext 5043